00631cam a22001937a 4500003000500000005001700005008004100022010000900063011000900072035000900081040000900090082002400099111010800123245001300231260004500244300001000289650003600299710010200335CHAP20220329133200.0971013s1990 r 10010 d a3083 a4055 a3256 cCHAP a581.634063bC6 199000aColoquio de Medicina Tradicional Mexicanac: un Saber en Integración (n4d: 1990c: México, D. F.) 0aMemorias aMéxico, D. F. :bENEP. Zaragoza,c1990 a209 h14aBotánica médicaxCongresos.0 aUniversidad Nacional Autónoma de México. Escuela Nacional de Estudios Profesionales Zaragoza.